| 000 | 00431nam a22001217a 4500 | ||
|---|---|---|---|
| 082 | _a220 PRO | ||
| 100 |
_aGC MUHAMMAD SAAD MIRZA GC AHMED WALEED GC ALI JUHAR SATTI _971718 |
||
| 245 | _aPR-SOF-1663-CONVERSION OF 30KVA UPS INTO SOLAR ASSISTED POWER PACKS | ||
| 260 |
_aISLAMABAD _bNUST COLLEGE OF EME _c2017 |
||
| 650 |
_aDE-ELECT-35 _970874 |
||
| 700 |
_aSUPERVISOR LT COL DR RAEES AHMED SIDDIQUI DR USMAN ALI _971719 |
||
| 942 | _cCR | ||
| 999 |
_c578088 _d578088 |
||